000 01110nam a2200241 a 4500
001 000041126
005 20201002034636.0
008 130918s2004 sp ac 000 0 spa d
040 _aDO-SdBNP
_bspa
_cBNPHU
082 _axxx
_bxxx
245 0 0 _aAl sur del margen :
_bavatares y límites de una región postergada, Moquegua (Perú) /
_ccoordinadores Teresa Cañedo-Argüelles ; Dolores Brandis García, Gonzalo Ramírez de Haro y Teba Castaño García.
260 _aMadrid :
_bConsejo Superior de Investigaciones Científicas
_bInstituto de Estudios Peruanoa,
_c2004.
300 _a498 p. :
_bil., retr. ;
_c24 cm.
490 1 _aBiblioteca de historia de América ;
_v30 ;
504 _aBibliografía : p. 483-498
590 _aInventariado, 2019/ YL
700 1 _aCañedo-Arguelles Fábrega, Teresa,
_ecoor,
_967668
700 1 _aBrandis García, Dolores.
_ecoor.
_967669
700 1 _aRamírez de Haro, Gonzalo
_ecoor.
_912123
700 1 _aCastaño García, Teba.
_ecoor.
_941717
710 2 _aConsejo Superior de Investigaciones Científicas
_94786
830 0 _aBiblioteca de historia de América
_v30
_966078
999 _c40616
_d40616